La mode en tant qu'élément spécifique de la culture française bakalárska práca

Enregistré dans:
Détails bibliographiques
Auteur principal: Vančová, Jana
Collectivité auteur: Fakulta aplikovaných jazykov EU v Bratislave. Katedra románskych a slovanských jazykov
Autres auteurs: Tureková, Andrea, 1979-
Format: Livre
Langue:français
Publié: Bratislava 2025
Tags: Ajouter un tag
Pas de tags, Soyez le premier à ajouter un tag!

MARC

LEADER 00000nbm a2200000 4500
001 0308959
005 20260211122811.1
041 0 |a fre 
044 |a SK 
245 1 0 |a La mode en tant qu'élément spécifique de la culture française  |b bakalárska práca  |c Jana Vančová ; školiteľ: Andrea Tureková 
264 1 |a Bratislava  |c 2025 
300 |a 47 s. 
100 1 |a Vančová, Jana 
700 1 |a Tureková, Andrea, 1979- 
710 2 |a Fakulta aplikovaných jazykov EU v Bratislave. Katedra románskych a slovanských jazykov